000 00828nas a2200277 4500
001 BR2012003448
003 BR-BrBNA
005 20231205120544.0
007 ta
008 230509b bl.|||p| |||| 00| 00por d
040 _aBR-BrBNA
_bpor
_cBiblioteca Nacional de Agricultura
041 _a(Pt)
072 _aF30
100 1 _aCosta, R.B. da
100 1 _aResende, M.D.V. de
100 1 _aSilva, V.S. de M. e
245 1 _aExperimentação e seleção no melhoramento genético de Tectona grandis L.f.
650 _aTECTONA GRANDIS
650 _aTECA
650 _aMELHORAMENTO GENÉTICO VEGETAL
650 _aPROGÊNIE
650 _aCLONE
773 0 _tFloresta e Ambiente (Brazil)
_xISSN 1415-0980
_g(2007), v. 14(1) p. 76-92
_wBR2012003448
909 _a202311
_bLúcia
_c55
_dLúcia Elande
942 _2AGRIS
_n0
_cANA
999 _c219111
_d219111